Social work with looked after children /

This practical book looks at the experiences of children in need who live in state care and the social worker's role in working with them. This is a popular guide to this complex and demanding area of practice. There are chapters on communication and children's rights, life story work, att...

Full description

Bibliographic Details
Main Authors: Cocker, Christine (Author), Allain, Lucille (Author)
Corporate Author: Sage Publications
Format: eBook
Language:English
Published: 55 City Road : Learning Matters, 2019.
Edition:3rd edition.
Series:Transforming social work practice.
Subjects:
Online Access:Connect to the full text of this electronic book

MARC

Tag First Indicator Second Indicator Subfields
LEADER 00000nam a22000001i 4500
001 in00004758321
006 m o d
007 cr un|||||||||
008 220222s2019 enka fob 001 0 eng d
005 20231120174227.5
020 |a 9781529793765 (ebook) :  |c No price 
035 |a (OCoLC)1099312449 
035 |a (CaToSAGE)SAGE000014308 
040 |a CaToSAGE  |b eng  |e rda  |e pn  |c CaToSAGE  |d UtOrBLW 
050 4 |a HV741  |b .C63 2019 
082 0 4 |a 362.70973  
100 1 |a Cocker, Christine,  |e author. 
245 1 0 |a Social work with looked after children /  |c Christine Cocker, Lucille Allain. 
250 |a 3rd edition. 
264 1 |a 55 City Road :  |b Learning Matters,  |c 2019. 
300 |a 1 online resource (334 pages) :  |b illustrations. 
336 |a text  |b txt  |2 rdacontent 
337 |a computer  |b c  |2 rdamedia 
338 |a online resource  |b cr  |2 rdacarrier 
490 1 |a Transforming Social Work Practice Series 
504 |a Includes bibliographical references and index. 
520 8 |a This practical book looks at the experiences of children in need who live in state care and the social worker's role in working with them. This is a popular guide to this complex and demanding area of practice. There are chapters on communication and children's rights, life story work, attachment and culture, ethnicity and faith. Throughout the book there are sections on supporting legislation and policy for children in residential care, foster care, adoption and leaving care. Key features include:; Practical links between theory and practice; Includes law and policy relevant to looked-after children; Information on understanding statistics; Contains lots of practical activities. 
588 |a Description based on XML content. 
650 0 |a Social case work with children. 
650 0 |a Social work education. 
655 7 |a Electronic books.  |2 local 
700 1 |a Allain, Lucille,  |e author. 
710 2 |a Sage Publications. 
776 0 8 |i Print version :  |z 9781526424372 
830 0 |a Transforming social work practice. 
856 4 0 |u http://proxy.library.tamu.edu/login?url=https://sk.sagepub.com/books/social-work-with-looked-after-children-3e  |z Connect to the full text of this electronic book  |t 0 
955 |a SAGE Knowledge 
999 f f |s 5627ffd2-5352-4fac-993f-6521090debf8  |i b30d9227-91a0-4010-bbf5-4b9d29cc2b03  |t 0 
952 f f |a Texas A&M University  |b College Station  |c Electronic Resources  |d Available Online  |t 0  |e HV741 .C63 2019  |h Library of Congress classification 
998 f f |a HV741 .C63 2019  |t 0  |l Available Online